[Event "Anderssen Memorial Open-A 2020"]
[Site "Wroclaw"]
[Date "2020.08.05"]
[Round "6.13"]
[White "Kowalczyk, Wojciech"]
[Black "Golecki, Jan"]
[Result "1/2-1/2"]
[WhiteElo "1873"]
[BlackElo "2106"]
[Annotator "TA"]
[PlyCount "80"]
[EventDate "2020.08.01"]
[EventType "swiss"]
[EventCountry "POL"]
[SourceTitle "playchess.com"]
[Source "ChessBase"]
[SourceQuality "1"]

{[%evp 9,80,0,1,6,6,0,7,0,0,20,35,24,68,48,34,29,22,-9,-14,-29,0,-105,-104,-94,-92,-100,-91,-67,-16,-25,-19,-33,-27,-82,-71,-105,-119,-175,-160,-163,-39,-174,-97,-93,-106,-98,0,0,16,-251,-243,-215,745,727,1270,184,177,182,177,183,165,115,122,0,168,0,117,0,172,168,137,0,29971]} 1. e4 c5 2. Nc3 Nc6 3. Bb5 Nd4 4. Bc4 e6 5. Nge2 a6 6. Nxd4 {B23: Closed Sicilian: Lines without g3.} cxd4 7. Ne2 b5 8. Bb3 Bb7 9. d3 Qb6 10. O-O Ne7 11. Ng3 g6 12. Bg5 Bg7 {[#]} 13. Bxe7 $146 ({Predecessor:} 13. f4 f6 14. Bh4 O-O-O 15. Ne2 Rhf8 16. c3 dxc3+ 17. Bf2 Qd6 18. Nxc3 Kb8 19. Qe2 {1-0 (27) Van Overdam,J (2367)-Alienkin,A (2394) Belgium 2016}) 13... Kxe7 14. f4 h5 15. f5 (15. e5 $11) 15... gxf5 $17 16. exf5 Be5 {White must now prevent ...Bxg3.} 17. Ne4 Bxe4 18. dxe4 f6 (18... Rag8 $15) 19. Kh1 Rag8 20. Qd2 Rg4 21. Rae1 (21. fxe6 $11 {keeps the balance.} dxe6 22. Rae1) 21... Rhg8 {Hoping for ...Qd6.} 22. Re2 {[#]} d3 $1 {[%mdl 512]} 23. Qxd3 {[#]} (23. cxd3 $2 Bxh2 $1 {[%mdl 512]} 24. Qe3 (24. fxe6 $2 Rh4 $19) 24... Rh4 $19) (23. Ref2 $17 {was worth a try.}) 23... Bxh2 $1 $19 {[%mdl 512] ...Rh4 is the strong threat.} 24. fxe6 (24. Kxh2 Rh4+) 24... d6 (24... dxe6 $19 25. Rd2 Bd6) 25. Qf3 (25. Qe3 $1 $15 Qxe3 26. Rxe3) 25... Be5 (25... Rf4 $19 26. Qxf4 Bxf4 27. Rxf4 Rg4 28. Rxg4 hxg4) 26. Qh3 $17 Bg3 27. Rf3 Qc5 (27... Rh4 $17 28. Rxg3 Rxh3+ 29. Rxh3 Qd4) 28. e5 $1 $40 {[%cal Re5f6][%mdl 128] Black needs to defend precisely.} dxe5 {Strongly threatening ...e4.} 29. Rxg3 $4 {[%mdl 8192]} (29. Rd2 $11 Rh4 30. Rd7+ Ke8 31. Rc3 Rxh3+ 32. gxh3 Qxc3 33. bxc3) 29... Rxg3 $19 30. Qxh5 {Qf7+ would kill now.} R8g7 $4 {[%mdl 8192]} (30... R3g6 $19 31. c3 Qc6) 31. Rd2 $18 {White threatens Rd7+ and mate.} Rxb3 32. axb3 $2 (32. Rd7+ Kxe6 33. Rxg7) 32... Kxe6 {[%mdl 4096] Endgame KQR-KQR} 33. Qh3+ Kf7 34. Rd7+ Kg8 {Threatening ...Rxd7.} 35. Rd8+ Kf7 36. Rd7+ Kg8 {next ...Rxd7 is good for Black.} 37. Rd8+ ({White should try} 37. Qe6+ $18 Kh7 38. Rd3 (38. Qxf6 Rxd7 39. Qf5+ {[%mdl 64] Double Attack} Kh8 $11)) 37... Kf7 $16 38. Rd7+ (38. Qh5+ $1 $16 Ke6 39. Qh3+ Kf7) 38... Kg8 $18 {With the idea ...Rxd7.} 39. Qe6+ {[%mdl 64] Double Attack} Kh7 40. Rd8 ({But not} 40. Qxf6 $6 Rxd7 41. Qf5+ {[%mdl 64] Double Attack} Kh8 $11) (40. Rd3 $1 $16 {Intending Qe8 and mate.} Qe7 41. Qf5+ (41. Qxa6 Qb7 $14) 41... Kg8 42. Qc8+ {[%mdl 64] Double Attack} Kh7 43. Kg1 (43. Qxa6 Qb7 $14) (43. Rh3+ Kg6 $16)) 40... Qf2 $4 {[%mdl 40960] Accuracy: White = 61%, Black = 65%. . An unexpected result.} (40... Qxc2 $11 41. Qh3+ Kg6 42. Qg4+ {[#]} Kh6 $1 {[%mdl 512]} 43. Qh3+ Kg6 44. Qg4+ Kh6 $1 {[%mdl 512]} 45. Qh4+ Kg6 46. Qg4+) 1/2-1/2

[Event "Anderssen Memorial Open-A 2020"]
[Site "Wroclaw"]
[Date "2020.08.05"]
[Round "6.14"]
[White "Peglau, Mirjam"]
[Black "Malecki, Rafal"]
[Result "1-0"]
[WhiteElo "1851"]
[BlackElo "2071"]
[Annotator "TA"]
[PlyCount "103"]
[EventDate "2020.08.01"]
[EventType "swiss"]
[EventCountry "POL"]
[SourceTitle "playchess.com"]
[Source "ChessBase"]
[SourceQuality "1"]

{[%evp 17,102,38,34,-16,7,9,11,0,33,0,39,-19,-28,-46,-40,-46,-36,-37,18,17,15,14,33,14,32,0,43,48,115,62,68,64,59,56,91,57,69,0,0,0,0,-45,79,71,268,267,741,707,725,700,722,576,806,496,491,492,482,471,675,672,729,660,1339,1389,1362,1365,1229,1078,1050,1036,1542,1487,5045,5027,5033,5029,29989,29990,29992,29993,29993,29994,29995,29995,29995,29996,29999]} 1. d4 Nf6 2. c4 g6 3. f3 Bg7 4. e4 O-O 5. Nc3 d6 6. Be3 Nc6 {[%cal Bb8c6,Bc6d4,Bd4c2][%mdl 32]} 7. Bd3 e5 8. d5 Nd4 9. Nge2 Nh5 10. Bc2 {[%cal Re2d4] E83: King's Indian: Sämisch Panno (6...Nc6): Lines without either Nge2 or Qd2.} Nxc2+ (10... Qh4+ {keeps more tension.} 11. Bf2 Qg5 12. Kf1 Nxc2 13. Qxc2 f5) 11. Qxc2 f5 12. O-O-O {[#] The position is equal.} a6 $146 ({Predecessor:} 12... fxe4 13. fxe4 Nf4 14. Nxf4 exf4 15. Bd4 Bg4 16. Rd3 Bxd4 17. Rxd4 f3 18. gxf3 Bxf3 {0-1 (48) Mrkonjic,N (2349)-Bajramovic,H (2104) Bosna 2017}) 13. Kb1 Bd7 14. Rhg1 (14. Ng3 $14) 14... Nf6 $11 15. h3 b5 {...b4 is the strong threat.} 16. Qb3 {[%cal Rc4b5]} bxc4 17. Qxc4 Bb5 (17... f4 $15 18. Bf2 Qc8) 18. Nxb5 axb5 19. Qd3 fxe4 20. fxe4 Qc8 21. a3 b4 (21... Qb7 $5 {[%cal Rb5b4]}) 22. axb4 Ra4 ({Black should try} 22... Qb7 $14) 23. Qb5 ({White should play} 23. Qb3 $16 Qa6 24. Nc3 Ra1+ 25. Kc2 Rxd1 26. Rxd1) 23... Qe8 $14 24. Qc4 Qb8 25. Bd2 Qb6 26. b3 Ra7 27. Nc3 (27. Rgf1 $14) 27... Rfa8 $11 28. Rge1 {Black must now prevent Be3.} Qf2 29. Re2 Qg3 (29... Qd4 $15 {keeps the upper hand.} 30. Qxd4 exd4) 30. Kb2 $36 {[%mdl 2048] White has strong initiative.} Nd7 $2 {Black cannot hold the game after this.} (30... Nh5 $16) 31. Be3 $18 Rb7 $2 (31... Nb6 32. Qc6 Bf8) 32. Qc6 {[%mdl 64] [#] Double Attack} Rab8 33. Qxd7 Rxb4 34. Kc2 Rxb3 35. Qe6+ Kh8 36. Rb1 Rxb1 37. Nxb1 h5 (37... Qh4 $142 38. Nc3 Bf8) 38. Nc3 Kh7 39. Qd7 Qh2 40. Qxc7 Ra8 41. Qxd6 Qh1 42. Qb4 Qa1 43. d6 Bf8 44. Qb7+ Kh8 45. d7 Be7 46. Qd5 Bf6 47. Rf2 {White mates.} Rb8 48. Rxf6 Qb2+ {[#]} 49. Kd3 $1 Rd8 50. Rxg6 Qb8 51. Qf7 {[%cal Rg6h6]} h4 52. Qg7# {Accuracy: White = 58%, Black = 43%.} 1-0

[Event "Anderssen Memorial Open-A 2020"]
[Site "Wroclaw"]
[Date "2020.08.05"]
[Round "6.15"]
[White "Roessler, Frank-Peter"]
[Black "Peglau, Markus"]
[Result "1-0"]
[WhiteElo "1902"]
[BlackElo "1910"]
[Annotator "TA"]
[PlyCount "88"]
[EventDate "2020.08.01"]
[EventType "swiss"]
[EventCountry "POL"]
[SourceTitle "playchess.com"]
[Source "ChessBase"]
[SourceQuality "1"]

{[%evp 14,88,-8,-12,-23,-22,-14,-61,-65,-212,-216,-215,-214,-229,-216,-213,-216,-225,-218,-213,-177,-221,-181,-155,-64,-102,-71,-80,-82,-100,-102,-95,-64,-62,-74,-77,-56,-162,-163,-148,-35,-116,-8,-62,-35,-87,-83,-109,-89,-103,-104,-101,-72,-72,0,-46,-49,-62,0,0,59,41,28,0,37,0,27,20,22,0,5093,2250,1743,121,122,-29993,1354]} 1. f4 d5 2. Nf3 c5 3. g3 Nc6 4. Bg2 Nf6 5. d3 g6 6. O-O Bg7 7. c3 O-O 8. Na3 Re8 {A03: Bird's Opening with 1...d5.} 9. Ne5 Bf5 {[#]} 10. e4 $146 ({Predecessor:} 10. h3 h5 11. Qe1 Qc8 12. Kh2 Rd8 13. e4 dxe4 14. dxe4 Bd7 15. Be3 b6 16. Qf2 {1-0 (67) Forova,T (1912)-Fyodorova,I (1951) Moscow 2011}) 10... dxe4 {Black is slightly better.} 11. g4 (11. dxe4 $15 Bxe4 12. Qb3) 11... Nxe5 $19 12. gxf5 Nxd3 13. fxg6 hxg6 14. f5 gxf5 15. Rxf5 Qb6 16. Qe2 Qe6 17. Rg5 Nxc1 18. Rxc1 Rac8 ({Much less strong is} 18... Qxa2 19. Re1 $15) (18... Kf8 $17 {And now ...Bh6 would win.} 19. Re1 Bh6 20. Rxc5 Red8) 19. Re1 Red8 (19... Qxa2 $6 20. Bxe4 Nxe4 21. Qxe4 $11) 20. Nc4 {With the idea Ne3.} Rd5 21. Rxd5 Qxd5 22. Nd2 {[%cal Rd2e4]} Qxa2 23. Nxe4 Nxe4 24. Bxe4 e6 25. Bxb7 (25. Kh1 $15) 25... Rb8 26. Rd1 Qb3 (26... Bxc3 $1 $17 27. Qg4+ Bg7) 27. Rd7 (27. Ba6 $15) 27... Qb6 ({Don't play} 27... Rxb7 $6 28. Rd8+ Kh7 29. Qh5+ Bh6 30. Rh8+ $3 {[%mdl 512]} Kxh8 31. Qxh6+ Kg8 32. Qg5+ Kf8 33. Qd8+ Kg7 34. Qg5+ Kf8 35. Qd8+ Kg7 36. Qg5+ Kf8 $11) (27... Qa4 $1 $17 {[%cal Ra4d7]} 28. Rc7 Qf4) 28. Qf3 (28. Qh5 $11 c4+ 29. Kf1) 28... Rf8 29. Rd2 (29. Qf2 $1 $15) 29... Rd8 $17 30. Rg2 {Hoping for Qg4!} Qd6 31. Re2 Qd1+ 32. Kf2 Rd3 33. Qf4 Rd8 (33... Rd7 $17 34. Bc6 Qd6 $1 {[%mdl 512]} 35. Qxd6 Rxd6) 34. Bf3 Qd6 35. Qh4 f5 {[#]} ({Black should try} 35... Kf8 $15) 36. Rxe6 $1 $11 {[%mdl 512]} Qd2+ ({Black should play} 36... Qxe6 $11 37. Qxd8+ Kh7) 37. Re2 Qd6 38. Qc4+ Kf8 39. Qh4 Bf6 40. Qh6+ Bg7 41. Qh5 Qf6 $2 {[%mdl 8192] [#]} (41... Qf4 $11) 42. Bd5 $1 $18 {[%mdl 512]} a5 {[#]} (42... Rxd5 43. Qe8#) 43. Re6 $2 (43. Re5 $1 $18 {[%mdl 512]} f4 (43... Qxe5 44. Qf7#) 44. Rf5 $1 {[%mdl 512]} Rxd5 45. Rxf6+ Bxf6 46. Qxd5) 43... Qf7 $16 44. Re5 $2 {[%mdl 8192]} (44. Qf3 $16 Bf6 {[#]} 45. Re5 $1 {[%mdl 512]}) 44... Qf6 $4 {[%mdl 8192] Accuracy: White = 47%, Black = 47%.} (44... Qxh5 {avoids the disaster.} 45. Re2 Rxd5 46. h3 Rd3 47. Re4 Rd2+ {[%mdl 64] Double Attack} 48. Kg3 fxe4 49. Kf4 Bh6+ 50. Kxe4 Qd5#) 1-0

[Event "Anderssen Memorial Open-A 2020"]
[Site "Wroclaw"]
[Date "2020.08.06"]
[Round "7.1"]
[White "Sieciechowicz, Marcin"]
[Black "Cukrowski, Filip"]
[Result "1/2-1/2"]
[WhiteElo "2372"]
[BlackElo "2419"]
[Annotator "TA"]
[PlyCount "104"]
[EventDate "2020.08.01"]
[EventType "swiss"]
[EventCountry "POL"]
[SourceTitle "playchess.com"]
[Source "ChessBase"]
[SourceQuality "1"]

{[%evp 17,104,51,56,36,54,58,59,50,52,57,62,65,57,63,56,72,76,68,76,75,90,87,95,86,95,95,95,95,97,90,155,150,155,159,157,148,152,153,152,157,149,150,149,149,150,108,116,117,114,104,130,126,130,130,130,122,122,108,132,133,134,135,150,153,175,165,156,49,41,49,45,33,28,6,6,6,6,6,6,0,0,0,0,0,0,0,0,0,0]} 1. d4 Nf6 2. c4 e6 3. Nc3 d5 4. cxd5 exd5 5. Bg5 Be7 6. e3 Nbd7 {[%cal Bb8d7,Bd7f8,Bf8e6][%mdl 32]} 7. Bd3 Nf8 8. Nf3 Ne6 9. Bh4 O-O 10. h3 {[#] D35: Queen's Gambit Declined: Exchange Variation.} c5 $146 ({Predecessor:} 10... g6 11. O-O c6 12. Rb1 Ng7 13. b4 a5 14. a4 Nf5 15. Bg5 Be6 16. Rb2 b5 {½-½ (30) Nguyen,C (2381)-Donchenko,A (2397) Metz 2011}) 11. dxc5 Nxc5 12. O-O {White is slightly better.} Be6 13. Nd4 a6 14. Nf5 Bxf5 15. Bxf5 g6 16. Bc2 Rc8 17. Rb1 Nce4 18. Nxd5 {[%mdl 64] Remove Defender} Nxd5 19. Bxe4 {Black must now prevent Bg3.} Nxe3 20. Qxd8 $1 Bxd8 21. Bxd8 Nxf1 22. Ba5 b6 {[#]} 23. Be1 $1 Rce8 {[#]} ({Better is} 23... Rfe8) 24. Bb7 $1 $16 {aiming for Bb4.} Rxe1 25. Rxe1 {[%mdl 4096] Endgame KRB-KRN} Nd2 26. Re2 Nc4 27. Bxa6 Nd6 28. Rd2 Rd8 29. a4 Kf8 30. b4 Ke7 31. Ra2 b5 32. Bxb5 Nxb5 33. axb5 {[%cal Ba4b5,Bb5b6][%mdl 32] KR-KR} Rd1+ 34. Kh2 Rd5 35. b6 Rb5 36. Rb2 Kd6 37. Kg3 Kd5 38. Kf4 f6 39. g4 Rxb6 40. b5 Kd4 41. Rb1 Kd3 42. Rb4 (42. Kf3 $16) 42... Kc3 $1 $14 {[%cal Rc3b4]} 43. Re4 Rxb5 44. Re6 f5 $1 45. Re7 {White wants to play g5.} fxg4 {The position is equal.} 46. hxg4 h5 47. gxh5 Rxh5 48. Rd7 Rf5+ 49. Ke3 Re5+ 50. Kf3 Rf5+ 51. Kg2 Rg5+ 52. Kf1 Kc4 {White really could win this. Accuracy: White = 92%, Black = 96%.} 1/2-1/2

[Event "Anderssen Memorial Open-A 2020"]
[Site "Wroclaw"]
[Date "2020.08.06"]
[Round "7.2"]
[White "Kopylov, Michael"]
[Black "Chmiel, Marcin"]
[Result "1-0"]
[WhiteElo "2407"]
[BlackElo "2267"]
[Annotator "TA"]
[PlyCount "51"]
[EventDate "2020.08.01"]
[EventType "swiss"]
[EventCountry "POL"]
[SourceTitle "playchess.com"]
[Source "ChessBase"]
[SourceQuality "1"]

{[%evp 11,51,15,29,22,26,13,9,10,13,23,110,110,83,96,101,60,69,56,67,60,74,74,89,90,107,108,143,141,133,133,223,217,213,215,600,608,616,604,1020,1014,1891,1846]} 1. Nf3 d5 2. g3 Bg4 3. Bg2 Nd7 4. d4 e6 5. O-O Bd6 6. Nbd2 Ngf6 7. Re1 {D02: 1 d4 d5 2 Nf3 sidelines, including 2...Nf6 3 g3 and 2...Nf6 3 Bf4.} O-O 8. e4 dxe4 9. Nxe4 {The position is equal.} Nxe4 10. Rxe4 {[#]} f5 $146 (10... Bh5 $11) ({Predecessor:} 10... Nf6 11. Re1 c5 12. dxc5 Bxc5 13. Qxd8 Raxd8 14. Ne5 Bf5 15. c3 Nd5 16. a4 a5 {½-½ (35) Rakhmanov,A (2629)-Shirov,A (2643) St Petersburg 2018}) 11. Rxe6 $16 f4 12. Re4 {[%cal Rc1f4]} Nf6 13. Rxf4 Bxf4 14. Bxf4 Nd5 15. Be5 Qd7 {Hoping for ...Qf5.} 16. Qd3 $1 Bf5 17. Qb3 Be4 18. Re1 Qf5 {[%cal Re4f3]} 19. g4 $1 {[%cal Rg4f5]} Qxg4 {[%cal Re4f3]} 20. h3 $1 {[%cal Rh3g4] [#]} Qf5 {[#]} (20... Qg6 $2 21. Nh4 $18) (20... Qxg2+ $1 $16 {[%mdl 512] might work better.} 21. Kxg2 Rxf3 22. Qxf3 (22. Rxe4 Rxb3 23. axb3 Re8 $16) 22... Bxf3+ 23. Kxf3 c6) 21. Rxe4 $1 $18 {[%mdl 576] Deflection} Qxe4 {[#]} 22. Ng5 $1 {[%mdl 64] Pin, Discovered Attack} Qf5 $2 (22... Qe1+ 23. Kh2 Rxf2 24. Qxd5+ Kh8) 23. Bxd5+ {White is clearly winning.} Kh8 24. Qg3 {White wants to mate with Bxg7+!} Rf6 {[#]} 25. Be4 $1 Qd7 {[#]} 26. Qh4 $1 {Accuracy: White = 93%, Black = 36%.} 1-0

[Event "Anderssen Memorial Open-A 2020"]
[Site "Wroclaw"]
[Date "2020.08.06"]
[Round "7.3"]
[White "Mondrzycki, Bartlomiej"]
[Black "Kopylov, Daniel"]
[Result "1/2-1/2"]
[WhiteElo "2140"]
[BlackElo "2348"]
[Annotator "TA"]
[PlyCount "37"]
[EventDate "2020.08.01"]
[EventType "swiss"]
[EventCountry "POL"]
[SourceTitle "playchess.com"]
[Source "ChessBase"]
[SourceQuality "1"]

{[%evp 9,37,-6,14,-20,-18,-20,-27,-62,-62,-62,-57,-73,-67,-104,-110,-110,-116,-124,-105,-109,-102,-101,130,0,0,0,0,0,0,0]} 1. c4 g6 2. e4 e5 3. d4 Nf6 4. Nf3 Nxe4 {[#]} 5. Qc2 $146 ({Predecessor:} 5. Bd3 Bb4+ 6. Kf1 d5 7. Nxe5 O-O 8. f3 Nf6 9. Nc3 Nc6 10. Nxc6 bxc6 11. c5 Bxc3 12. bxc3 {1-0 (41) Ubilava,E (2520)-Sion Castro,M (2435) Ampuriabrava 1997}) 5... f5 6. Nxe5 {A10: English Opening: Unusual Replies for Black.} Nc6 7. Nxc6 dxc6 8. Nc3 {Black has an edge.} Qxd4 9. Be3 Qe5 10. Nxe4 {aiming for Qc3.} Bb4+ 11. Bd2 Bxd2+ 12. Qxd2 Qxe4+ 13. Be2 Qxg2 14. O-O-O O-O 15. Qh6 {And now Rhg1 would win.} Qxf2 $2 {[#]} (15... Qe4 $1 $17 {[%cal Re4e2] stays on course.} 16. Rhe1 Qe7) 16. Rhg1 (16. Bh5 $1 $16 {[%cal Rh5g6][%mdl 512] White threatens Bxg6 and mate.} Qh4 {[%mdl 64] Double Attack, Pin} (16... gxh5 17. Rhg1+) 17. Rhg1) 16... Qxe2 {[#]The position is equal.} 17. Rxg6+ $1 {[%mdl 512]} hxg6 18. Qxg6+ Kh8 19. Qh6+ {[%mdl 64] Double Attack. Accuracy: White = 54%, Black = 70%.} 1/2-1/2

[Event "Anderssen Memorial Open-A 2020"]
[Site "Wroclaw"]
[Date "2020.08.06"]
[Round "7.4"]
[White "Barski, Radoslaw"]
[Black "Piekielny, Pawel"]
[Result "1-0"]
[WhiteElo "2444"]
[BlackElo "2099"]
[Annotator "TA"]
[PlyCount "141"]
[EventDate "2020.08.01"]
[EventType "swiss"]
[EventCountry "POL"]
[SourceTitle "playchess.com"]
[Source "ChessBase"]
[SourceQuality "1"]

{[%evp 9,141,12,27,41,42,18,1,8,10,0,0,0,0,0,0,0,17,0,18,6,31,24,87,87,79,77,82,79,78,71,112,106,94,108,108,115,128,100,128,139,171,174,160,135,147,133,129,90,83,91,138,164,186,135,135,133,127,116,133,133,148,135,207,205,216,206,234,222,245,266,274,262,256,254,268,266,293,307,342,312,312,308,309,314,446,237,468,456,480,471,506,497,477,456,518,509,535,537,509,508,504,478,976,962,945,939,916,903,773,732,755,683,625,373,943,710,5923,1907,1693,1456,906,662,651,651,642,611,704,456,29996,29997,29997,29998,29998,29999]} 1. e4 e6 2. d4 d5 3. Nd2 Be7 4. e5 c5 5. c3 Qb6 6. Ndf3 {C03: French Tarrasch: Unusual Black 3rd moves.} cxd4 7. cxd4 Bb4+ 8. Bd2 {The position is equal.} Nc6 9. Bxb4 (9. a3 {is interesting.} Bxd2+ 10. Qxd2 Bd7 11. b4 Nge7 12. Nh3) 9... Qxb4+ 10. Qd2 Qxd2+ 11. Kxd2 Nge7 12. Bd3 Bd7 13. Ne2 Rc8 {[#]} 14. h4 $146 ({Predecessor:} 14. Rac1 O-O 15. Rhe1 Nb4 16. Bb1 Rxc1 17. Rxc1 Nbc6 18. Re1 Rc8 19. h4 a5 20. Rc1 {1-0 (106) Gharamian,T (2626)-Bellahcene,B (2475) Bastia 2016}) 14... h5 15. Rag1 f6 (15... a5 $11 {remains equal.}) 16. Nf4 $16 Kf7 17. Re1 Nb4 18. Bb1 Nbc6 19. Re3 Nd8 20. Rg1 Ndc6 21. Rge1 Nd8 22. Bd3 Rh6 23. b4 {[%cal Bb2b4,Bb4b5][%mdl 32]} Rc7 24. b5 Nc8 25. Rb1 Nb6 26. Rb4 Nc4+ 27. Bxc4 $1 Rxc4 28. Reb3 Rxb4 29. Rxb4 b6 30. Rb3 Ke8 31. a4 (31. Ra3 $18) 31... Nb7 32. Rc3 {aiming for Rc7.} Kd8 33. Re3 Na5 {Black wants to play ...Nc4+.} 34. Kc3 Nc4 35. Re1 Kc7 (35... fxe5 $16 {might work better.} 36. Nxe5 Nxe5) 36. exf6 $18 gxf6 37. Nxe6+ Bxe6 38. Rxe6 {[%mdl 4096] Endgame KRN-KRN} Kd7 39. Rc6 Nd6 40. Kd3 Rh8 41. Ng1 Rg8 42. g3 Ne4 43. Nh3 Nxg3 44. Nf4 ({Not} 44. Rxf6 Rg4 $18) 44... Ne4 45. f3 ({Don't take} 45. Nxd5 $6 Nxf2+ 46. Kc4 Rh8 $18) 45... Nd6 46. Nxd5 Rf8 (46... Rg1 {is a better defense.} 47. Nxf6+ Ke7 48. Nxh5 Rd1+ 49. Ke3 Nf5+ 50. Ke4 Nxh4 51. Rc7+ Kd6 52. Rxa7 Re1+ 53. Kf4 Rd1) 47. Nf4 (47. Rc7+ $142 Ke6 48. Nf4+ Kf5 49. Nxh5) 47... Nf5 $2 (47... Rh8 48. Nd5 Nf5 49. Nxf6+ Kd8) 48. Nxh5 Nxh4 49. Nxf6+ Ke7 50. Nd5+ Kd7 51. f4 Ng2 52. Ke4 Re8+ 53. Kf3 {[#] Nf6+ is the strong threat.} Ne1+ 54. Kg4 Rg8+ 55. Kf5 Rf8+ (55... Rg1 $142 56. Rc3 Rf1 57. Nf6+ Kd8) 56. Nf6+ Kd8 57. Kg6 Rh8 58. f5 Nf3 59. Rd6+ Kc8 60. Kf7 Rh4 61. d5 Rf4 $2 (61... Nd4 62. Re6 Nxf5) 62. Ke7 {Hoping for Rc6+.} Rxf5 63. Rd8+ (63. Rc6+ $142 Kb7 64. d6) 63... Kb7 64. Ne8 {White threatens Nd6+ and mate.} Re5+ 65. Kd6 Rh5 66. Rd7+ Kc8 {Strongly threatening ...Rh6+.} 67. Rf7 Ng5 68. Rf8 {Black must now prevent Nf6+.} Ne4+ (68... Kb7 $18 69. Nf6 Rh6) 69. Kc6 {[%cal Re8g7] White mates.} Kd8 70. Nd6+ {[%mdl 64] [#] Discovered Attack} Ke7 71. Rf7+ {Accuracy: White = 74%, Black = 58%.} 1-0

[Event "Anderssen Memorial Open-A 2020"]
[Site "Wroclaw"]
[Date "2020.08.06"]
[Round "7.5"]
[White "Nguyen, Alex Dac-Vuong"]
[Black "Jankowiak, Tomasz"]
[Result "0-1"]
[WhiteElo "2366"]
[BlackElo "2115"]
[Annotator "TA"]
[PlyCount "80"]
[EventDate "2020.08.01"]
[EventType "swiss"]
[EventCountry "POL"]
[SourceTitle "playchess.com"]
[Source "ChessBase"]
[SourceQuality "1"]

{[%evp 11,80,17,46,28,23,25,23,23,57,40,51,64,52,-26,-21,-50,-30,-26,-34,-25,-41,-33,-39,-13,-18,-23,-33,-49,-10,-60,-57,-57,-72,-288,-275,-278,-277,-279,-279,-350,-336,-332,-336,-329,-356,-348,-329,-452,-441,-454,-436,-476,-346,-689,-751,-977,-956,-1492,-1445,-1440,-1449,-1585,-1441,-1619,-1596,-29973,-29973,-29974,-29976,-29979,-29980]} 1. e4 c5 2. Nf3 d6 3. d4 cxd4 4. Nxd4 Nf6 5. f3 e5 6. Nb3 d5 7. Bg5 $1 {B55: Sicilian: 2...d6 3 d4 cxd4 4 Nxd4 Nf6 5 f3.} d4 8. c3 {[%cal Rc3d4]} Nc6 9. Bb5 {White has an edge.} Qb6 10. Bxc6+ bxc6 11. cxd4 Ba6 12. dxe5 ({White should try} 12. Na3 $14) 12... Nd7 $1 $11 {aiming for ...h6.} 13. Qd4 Qxd4 14. Nxd4 Nxe5 15. Nc3 {[#]} f6 $146 ({Predecessor:} 15... h6 16. Bh4 Nd3+ 17. Kd2 Nxb2 18. Kc2 Nc4 19. Rhe1 Rb8 20. Nb3 Bb4 21. Bf2 O-O 22. Bxa7 Na3+ 23. Kb2 Bxc3+ 24. Kxa3 Ra8 {0-1 (24) Fuchs,J (2276)-Michalik,P (2551) Zuerich 2016}) 16. Be3 Nd3+ $1 17. Kd2 Nxb2 18. Kc2 $1 {[%cal Rc2b2]} Nc4 19. Bf4 g5 20. Bg3 Kf7 $36 {[%mdl 2048] Black has some pressure.} 21. Nxc6 Bc5 {...Rac8 is the strong threat.} 22. Rhd1 $2 {This move loses the game for White.} (22. Kb3 $17 {is a better defense.}) 22... Ne3+ $19 {[%mdl 64] Double Attack} 23. Kb2 Nxd1+ 24. Rxd1 Rac8 25. Nxa7 Rcd8 ({Not} 25... Bxa7 26. Rd7+ Kg6 27. Rxa7 $15) 26. Rxd8 Rxd8 27. Nab5 Rd2+ 28. Kb3 h5 ({Don't do} 28... Rxg2 29. a4 $19) 29. a4 h4 30. Bb8 Rxg2 31. Nc7 Bc8 {Hoping for ...Bd6.} 32. a5 $2 (32. N7b5) 32... Bd6 33. a6 {[#]} Bxa6 $1 {[%mdl 512]} 34. Nxa6 Bxb8 35. Nxb8 Rxh2 36. Nc6 Rg2 37. e5 h3 38. exf6 h2 {[%mdl 64] Zwischenzug. Black mates.} 39. Ne5+ Kxf6 40. Ng4+ {[#]} Rxg4 $1 {[%mdl 512] Accuracy: White = 38%, Black = 90%.} 0-1

[Event "Anderssen Memorial Open-A 2020"]
[Site "Wroclaw"]
[Date "2020.08.06"]
[Round "7.6"]
[White "Zwahr, Paul"]
[Black "Skurniak, Szymon"]
[Result "1-0"]
[WhiteElo "2277"]
[BlackElo "2036"]
[Annotator "TA"]
[PlyCount "63"]
[EventDate "2020.08.01"]
[EventType "swiss"]
[EventCountry "POL"]
[SourceTitle "playchess.com"]
[Source "ChessBase"]
[SourceQuality "1"]

{[%evp 25,63,19,35,31,48,51,54,47,59,29,33,0,46,-59,-23,-27,47,34,123,50,74,47,109,45,249,247,241,259,321,314,313,313,412,365,362,360,365,345,386,379]} 1. e4 c5 2. Nf3 d6 3. d4 cxd4 4. Nxd4 Nf6 5. Nc3 Nc6 6. f3 e5 7. Nb3 Be6 8. Nd5 Be7 9. Be3 O-O 10. Be2 Bxd5 11. exd5 Nb4 12. c4 a5 13. Qd2 b6 14. O-O {B56: Classical Sicilian: Unusual Lines.} Rc8 15. Nc1 Na6 16. b3 {White is slightly better.} Nd7 {[#]} 17. Bd3 $146 ({Predecessor:} 17. a3 h6 18. Bf2 Bg5 19. Qe1 e4 20. b4 exf3 21. gxf3 Re8 22. Nb3 Ne5 23. Qc3 {0-1 (40) Kovchan,A (2270)-Grigoriants,S (2315) Cannes 1997}) 17... f5 18. f4 {next fxe5 is good for White.} e4 {And now ...Bf6 would win.} 19. Bc2 (19. Be2 $14) 19... Bf6 (19... b5 $5 20. Ne2 bxc4 21. bxc4 Nb6 22. Qxa5 Nxc4 {[%mdl 64] Double Attack} 23. Qxd8 Bxd8 $17) 20. Rb1 {[#]} Nb4 ({Black should play} 20... b5 $1 $11 {[%mdl 512]}) 21. Bd1 $1 $14 Nc5 (21... b5 $14) 22. Be2 (22. a3 $16 Nba6 23. b4) 22... Re8 23. a3 Nba6 ({Better is} 23... Nbd3 $1 $14) 24. b4 (24. g4 $16) 24... Nd7 $2 {This move loses the game for Black.} ({Black should try} 24... axb4 $14 25. axb4 Na4) 25. c5 $1 $18 {[%mdl 64] [#] Discovered Attack} Naxc5 26. bxc5 Nxc5 27. Bb5 Re7 28. Nb3 Nd3 29. Nd4 Bxd4 30. Bxd4 Nc5 31. Bc6 a4 32. Qb4 {Accuracy: White = 57%, Black = 37%.} 1-0